书目信息 |
| 题名: |
环境影响评价过程中的价值冲突分析
|
|
| 作者: | 侯小阁 著 | |
| 分册: | ||
| 出版信息: | 北京 科学出版社 2018 |
|
| 页数: | 205页 | |
| 开本: | 24cm | |
| 丛书名: | 新能源学科前沿丛书 | |
| 单 册: | ||
| 中图分类: | X826 | |
| 科图分类: | ||
| 主题词: | 研究--环境生态评价--huan jing sheng tai ping jia | |
| 电子资源: | ||
| ISBN: | 978-7-03-057976-8 | |
| 000 | 01402nam 2200289 450 | |
| 001 | 012001002914 | |
| 005 | 20140126083137.0 | |
| 010 | @a978-7-03-057976-8@dCNY158.00 | |
| 099 | @aCAL 012018138700 | |
| 100 | @a20181101d2018 em y0chiy50 ea | |
| 101 | 0 | @achi |
| 102 | @aCN@b110000 | |
| 105 | @ay a 000yy | |
| 106 | @ar | |
| 200 | 1 | @a环境影响评价过程中的价值冲突分析@Ahuan jing ying xiang ping jia guo cheng zhong de jia zhi chong tu fen xi@d= Analysis of value conflicts in the process of environmental impact assessment@f侯小阁著@zeng |
| 210 | @a北京@c科学出版社@d2018 | |
| 215 | @a205页@d24cm | |
| 225 | 2 | @a新能源学科前沿丛书@Axin neng yuan xue ke qian yan cong shu@v4 |
| 320 | @a有书目 (第180-205页) | |
| 330 | @a本书以价值冲突为纲,以EIA的理论、结构和过程为对象,从EIA在制度和方法层面的表象,向价值评价和价值冲突的深度进行挖掘,重新解构对EIA的认识和定位。首先提出近年 EIA 制度执行过程中遭遇的质疑和对敏感性价值冲突问题难以有效把控的窘状,以其作为前导,把对EIA的认识引向对人与自然之间价值关系的规范化把握,并进行辨析,明确EIA的主体性本质。 | |
| 410 | 0 | @12001 @a新能源学科前沿丛书@v4 |
| 510 | 1 | @aAnalysis of value conflicts in the process of environmental impact assessment@zeng |
| 606 | 0 | @x研究@a环境生态评价@Ahuan jing sheng tai ping jia |
| 690 | @aX826@v5 | |
| 701 | 0 | @a侯小阁@AHou Xiaoge@4著 |
| 801 | 0 | @aCN@b北京卓展@c20191020 |
| 905 | @b1204738-40@dX826@e313@f3 | |
| 环境影响评价过程中的价值冲突分析= Analysis of value conflicts in the process of environmental impact assessment/侯小阁著.-北京:科学出版社,2018 |
| 205页;24cm.-(新能源学科前沿丛书;4) |
| ISBN 978-7-03-057976-8:CNY158.00 |
| 本书以价值冲突为纲,以EIA的理论、结构和过程为对象,从EIA在制度和方法层面的表象,向价值评价和价值冲突的深度进行挖掘,重新解构对EIA的认识和定位。首先提出近年 EIA 制度执行过程中遭遇的质疑和对敏感性价值冲突问题难以有效把控的窘状,以其作为前导,把对EIA的认识引向对人与自然之间价值关系的规范化把握,并进行辨析,明确EIA的主体性本质。 |
| ● |
| 相关链接 |
|
|
|
|
正题名:环境影响评价过程中的价值冲突分析
索取号:X826/313
 
预约/预借
| 序号 | 登录号 | 条形码 | 馆藏地/架位号 | 状态 | 备注 |
| 1 | 1204738 | 212047382 | 第二样本阅览室/ [索取号:X826/313] | 在馆 | |
| 2 | 1204739 | 212047391 | 第三借阅区/ [索取号:X826/313] | 在馆 | |
| 3 | 1204740 | 212047408 | 第三借阅区/ [索取号:X826/313] | 在馆 |